000 00946pam a2200277 a 4500
999 _c7674
_d7674
001 461972
003 OSt
005 20200125121121.0
008 830906s1984 njua b 001 0 eng
010 _a 83019118
020 _a9788120303973
040 _aDLC
_cDLC
_dDLC
050 0 0 _aT58.6
_b.M868 1984
082 0 0 _a658.40388
_219
_bMUR/I
100 _aMurdick, Robert G
_91400
245 1 0 _aInformation systems for modern management /
_cRobert G. Murdick, Joel E. Ross, James R. Claggett.
250 _a3rd ed.
260 _aEnglewood Cliffs, N.J. :
_bPrentice-Hall,
_cc1984.
300 _axi, 466 p. :
_bill. ;
_c24 cm.
504 _aIncludes bibliographies and index.
650 0 _aManagement information systems.
700 1 _aRoss, Joel E.
_91553
700 1 _aClaggett, James R.,
_d1951-
_91554
906 _a7
_bcbc
_corignew
_d1
_eocip
_f19
_gy-gencatlg
942 _2ddc
_cBK
_h658.40388
_iMUR/I
_k658.40388
_mMUR/I